000 01279nam a2200421 a 4500
003 AR-BaBNM
005 20251128204924.0
008 082120s2002 ||||||||||||||000 | spa||
020 _a84-277-0994-3
040 _cAR-BaBNM
245 0 0 _aEducación intercultural
_bla Europa sin fronteras
260 _aMadrid
_bNarcea
_c1992
300 _a190 p.
_btablas
490 0 _aNarcea sociocultural
500 _aIndice de nombres: p. 185-188
500 _aIndice de temas: p. 189-190
504 _aLa bibliografía aparece al final de cada capítulo
650 4 _aMULTICULTURALISMO
650 4 _aEDUCACION MULTICULTURAL
650 4 _aANTROPOLOGIA DE LA EDUCACION
650 4 _aFORMACION DE DOCENTES
650 4 _aALFABETIZACION
650 4 _aRACISMO
651 4 _aEuropa
651 4 _aEspaña
653 _aTEMAS TRANSVERSALES
700 1 _aFermoso Estebañez, Paciano
_eeditor
700 1 _aAlegret Tejero, Juan Luis
700 1 _aFerrer Juliá, Ferrán
700 1 _aFrancàs Portí, Josep María
700 1 _aGarcía Castaño, F. Javier
700 1 _aJordán Sierra, José Antonio
700 1 _aMontero Espinosa, Victor M.
700 1 _aSarramona, Jaume
800 1 _aQuintana Cabanas, José María
_edirector
942 _cBK
998 _csilvi
999 _c9342
_d9342